[Event "World Youth Girl U14 2016"]
[Site "Khanty-Mansiysk RUS"]
[Date "2016.09.29"]
[Round "7.28"]
[White "Gronn, Embla Ekeland"]
[Black "Koubova, Anna Marie"]
[Result "0-1"]
[WhiteElo "1533"]
[BlackElo "1822"]
[WhiteFideId "1517600"]
[BlackFideId "381470"]
[EventDate "2016.09.22"]

1. d4 Nf6 2. Nf3 g6 3. Nc3 d5 4. Bf4 Bg7 5. Qd2 Ne4 6. Nxe4 dxe4 7. Ne5 c5 8. e3
O-O 9. Bc4 e6 10. Be2 Nc6 11. Nxc6 bxc6 12. c3 e5 13. Bxe5 Bxe5 14. dxe5 Qxd2+
15. Kxd2 Re8 16. Kc2 Rxe5 17. Rad1 Rd5 18. Bc4 Rd7 19. Rxd7 Bxd7 20. Rd1 Bf5 21.
Rd6 Rc8 22. Bb3 Rc7 23. Ba4 Bd7 24. h3 Kf8 25. Bb3 Ke7 26. Rd2 Be6 27. Bxe6 Kxe6
28. Kb3 Rd7 29. Rxd7 Kxd7 30. Kc4 Kd6 31. a3 f6 32. f3 exf3 33. gxf3 g5 34. e4
h5 35. b3 Ke5 36. Kxc5 Kf4 37. Kxc6 Kxf3 38. c4 g4 39. hxg4 hxg4 40. c5 g3 41.
Kd7 g2 42. c6 g1=Q 43. c7 Qd4+ 44. Ke7 Qxe4+ 45. Kd7 Qd5+ 46. Ke7 Qc6 47. Kd8
Qd6+ 48. Kc8 Ke4 49. b4 f5 50. b5 f4 51. b6 Qxb6 52. a4 f3 53. a5 Qxa5 54. Kb8
Qxc7+ 0-1

[Event "World Youth Girl U14 2016"]
[Site "Khanty-Mansiysk RUS"]
[Date "2016.09.29"]
[Round "7.29"]
[White "Skaslien, Ingrid"]
[Black "Khannanova, Lina"]
[Result "1-0"]
[WhiteElo "1588"]
[BlackElo "1397"]
[WhiteFideId "1520660"]
[BlackFideId "44131623"]
[EventDate "2016.09.22"]

1. d4 f5 2. Bg5 Nf6 3. Bxf6 exf6 4. e3 Be7 5. Bd3 d5 6. Ne2 O-O 7. Ng3 g6 8. h4
Qd6 9. Nc3 Be6 10. h5 Qd7 11. Qf3 Nc6 12. hxg6 hxg6 13. Nge2 Nb4 14. Qh3 Nxd3+
15. cxd3 Kf7 16. Qh7+ Ke8 17. Qxg6+ Bf7 18. Qg3 c6 19. Qf3 Bd6 20. Ng3 Bxg3 21.
Qxg3 Ke7 22. Kd2 Rh8 23. Rh3 Qd6 24. Qxd6+ Kxd6 25. Rah1 Rxh3 26. Rxh3 b5 27. a4
a6 28. Rh7 Ke6 29. b3 b4 30. Ne2 Rc8 31. Nf4+ Ke7 32. f3 Rc7 33. e4 fxe4 34.
dxe4 dxe4 35. fxe4 Kd6 36. Rh3 c5 37. dxc5+ Rxc5 38. Nd3 Rg5 39. Nxb4 Rxg2+ 40.
Kc3 a5 41. Nd3 Re2 42. Rh7 Bg6 43. Rh6 Bxe4 44. Rxf6+ Ke7 45. Rf1 Re3 46. Rd1
Ke6 47. Kc4 Bf3 48. Nc5+ Kf5 49. Rf1 Ke5 50. Nd3+ Ke4 51. Nc1 Kf4 52. Kb5 Re5+
53. Kb6 Kg4 54. Rg1+ Kf5 55. Nd3 Re3 56. Nc5 Rc3 57. Rb1 Ke5 58. Nb7 Be4 59. Rb2
Bxb7 60. Kxb7 Kd5 61. Kb6 Rc8 62. Rd2+ Ke6 63. Kxa5 1-0

[Event "World Youth Girl U14 2016"]
[Site "Khanty-Mansiysk RUS"]
[Date "2016.09.29"]
[Round "7.30"]
[White "Ebeling, Mariela"]
[Black "Yapa Bandara, Chamodya"]
[Result "1-0"]
[WhiteElo "1459"]
[BlackElo "1582"]
[WhiteFideId "508080"]
[BlackFideId "9914706"]
[EventDate "2016.09.22"]

1. e4 c5 2. Nf3 d6 3. d4 cxd4 4. Nxd4 Nf6 5. Nc3 a6 6. Be2 e6 7. O-O Be7 8. Qd3
Nc6 9. Nxc6 bxc6 10. Rd1 Qc7 11. Be3 c5 12. Bf4 O-O 13. Bxd6 Bxd6 14. Qxd6 Qa5
15. a3 Bb7 16. Qd3 Rad8 17. Qe3 e5 18. Rxd8 Rxd8 19. f3 Rd4 20. Rd1 Nh5 21. g3
Qb6 22. Qc1 c4 23. Kg2 Qe6 24. Rxd4 exd4 25. Nd1 h6 26. Qd2 Bc8 27. g4 Qg6 28.
Kf2 Qf6 29. gxh5 Qh4+ 30. Kg1 Bh3 31. Bf1 Be6 32. Qg2 Qxh5 33. Qg3 Qc5 34. Kh1
f5 35. Nf2 Qb5 36. b3 Qa5 37. Bxc4 Bxc4 38. bxc4 fxe4 39. Nxe4 Qxa3 40. Kg2 Qa2
41. Qb8+ Kh7 42. Qb3 Qa5 43. Qd3 Kg8 44. Qxd4 Qe1 45. Qd3 a5 46. c5 a4 47. Qc4+
Kh8 48. Qxa4 Qe2+ 49. Nf2 Qd2 50. c6 Qg5+ 51. Qg4 Qc5 52. Qc8+ Kh7 53. c7 h5 54.
Qd8 Qxc2 55. Qd3+ 1-0

[Event "World Youth Girl U14 2016"]
[Site "Khanty-Mansiysk RUS"]
[Date "2016.09.29"]
[Round "7.31"]
[White "Idirisinghe, I M N H"]
[Black "Gomes, Maria Eduarda"]
[Result "0-1"]
[WhiteElo "1436"]
[BlackElo "1569"]
[WhiteFideId "9915478"]
[BlackFideId "2158957"]
[EventDate "2016.09.22"]

1. e4 d5 2. exd5 Qxd5 3. Nc3 Qa5 4. d4 c6 5. Nf3 Nf6 6. Bd2 Qc7 7. Bc4 Bf5 8.
Ne5 e6 9. Bf4 Bd6 10. Bg3 O-O 11. Qe2 Nbd7 12. O-O-O Nb6 13. Bd3 Bxd3 14. Qxd3
Nbd5 15. a3 Nxc3 16. Qxc3 Nd5 17. Qf3 c5 18. Nc4 Bxg3 19. hxg3 cxd4 20. Rxd4 b5
21. Rdh4 Nf6 22. Ne3 Rac8 23. c3 Qc6 24. Qe2 Qc5 25. Ng4 Nxg4 26. Rxg4 Qf5 27.
Rgh4 h6 28. Rh5 Qg6 29. Rxb5 Rb8 30. Rxb8 Rxb8 31. Rd1 Qg5+ 32. Qd2 Qb5 33. Qc2
Qb7 34. f3 Qb5 35. g4 Qg5+ 36. Kb1 Qb5 37. Rd2 Qb6 38. Qd1 Kh7 39. Qc2+ Kg8 40.
Rd4 a6 41. Qd1 Qxb2# 0-1

[Event "World Youth Girl U14 2016"]
[Site "Khanty-Mansiysk RUS"]
[Date "2016.09.29"]
[Round "7.33"]
[White "Mairambekova, Aiperi"]
[Black "Makarova, Anastasiya"]
[Result "0-1"]
[WhiteElo "1329"]
[BlackElo "1471"]
[WhiteFideId "13801511"]
[BlackFideId "54102731"]
[EventDate "2016.09.22"]

1. e4 c5 2. Nf3 e6 3. d4 cxd4 4. Nxd4 a6 5. Nc3 Qc7 6. Be2 Nf6 7. a3 b5 8. Bf3
Bb7 9. Qd3 Be7 10. O-O d6 11. Be3 Nbd7 12. Bg5 Ne5 13. Qe2 Nc4 14. b4 O-O 15.
Rfe1 Rac8 16. Nd1 Ne5 17. Bxf6 Nxf3+ 18. Qxf3 Bxf6 19. c3 Qc4 20. Qe3 h6 21. f4
Rfd8 22. h3 Kh8 23. Kh1 Rd7 24. e5 dxe5 25. fxe5 Bg5 26. Qe2 Qxe2 27. Rxe2 Rc4
28. Kh2 Kh7 29. g3 h5 30. h4 Bh6 31. Nb3 Bf3 32. Re1 Bxd1 33. Rexd1 Rxd1 34.
Rxd1 Rxc3 35. Nc5 Rxa3 36. Rd7 Kg6 37. Ra7 Bd2 38. Rxa6 Bxb4 39. Rxa3 Bxa3 40.
Nb3 Bb2 0-1

[Event "World Youth Girl U14 2016"]
[Site "Khanty-Mansiysk RUS"]
[Date "2016.09.29"]
[Round "7.34"]
[White "Bitkova, Elizavetta"]
[Black "Zavgorodneva, Ekaterina"]
[Result "1-0"]
[WhiteElo "1415"]
[BlackElo "1512"]
[WhiteFideId "4506014"]
[BlackFideId "34139351"]
[EventDate "2016.09.22"]

1. d4 Nf6 2. Nf3 d5 3. Bf4 c5 4. e3 e6 5. c4 b6 6. cxd5 exd5 7. Bb5+ Nbd7 8. Bc6
Ba6 9. Bxa8 Qxa8 10. Ne5 Qb7 11. Nc3 Be7 12. Nxd7 Qxd7 13. Rc1 c4 14. Qa4 Qxa4
15. Nxa4 Ne4 16. f3 Bb4+ 17. Nc3 Nxc3 18. bxc3 Ba3 19. Rc2 Kd7 20. O-O Re8 21.
Re1 f5 22. Be5 g6 23. e4 Bb7 24. exf5 gxf5 25. Ree2 Bc6 26. Bf4 Rxe2 27. Rxe2
Bd6 28. Bxd6 Kxd6 29. Re5 Bd7 30. Kf2 b5 31. Re2 a5 32. a3 Be6 33. Rb2 Bd7 34.
Kg3 Ke6 35. Kf4 Kf6 36. g4 fxg4 37. fxg4 Bc6 38. g5+ Ke6 39. h4 Kd6 40. Kf5 Bd7+
41. Kf6 Kc6 42. h5 1-0

[Event "World Youth Girl U14 2016"]
[Site "Khanty-Mansiysk RUS"]
[Date "2016.09.30"]
[Round "8.1"]
[White "Zhu, Jiner"]
[Black "Maltsevskaya, Aleksandra"]
[Result "1-0"]
[WhiteElo "2024"]
[BlackElo "2319"]
[WhiteFideId "8608059"]
[BlackFideId "24174041"]
[EventDate "2016.09.22"]

1. e4 c5 2. Nf3 Nc6 3. d4 cxd4 4. Nxd4 e6 5. Nxc6 bxc6 6. Bd3 d5 7. O-O Nf6 8.
e5 Nd7 9. Re1 Qc7 10. Bf4 h5 11. c4 Rb8 12. cxd5 cxd5 13. Re2 Rb4 14. Rc2 Qb8
15. Qc1 Bb7 16. Nc3 Be7 17. a3 Rd4 18. Bb5 Qd8 19. Ne2 Rc4 20. Bxc4 dxc4 21.
Rxc4 Nb6 22. Rd4 Qa8 23. Bg5 f6 24. Qc2 fxg5 25. Qg6+ Kf8 26. Nf4 Bd5 27. Rxd5
gxf4 28. Rd4 Rh6 29. Rxf4+ Kg8 30. Qf7+ Kh7 31. Qxe7 Rg6 32. g3 Qc6 33. Rf8 Qe4
34. Qe8 Kh6 35. Qd8 Rg5 36. Rh8+ Kg6 37. Qe8+ Kf5 38. Rf8+ Kxe5 39. f4+ Kd4 40.
fxg5 Qe3+ 41. Rf2 h4 42. Rd1+ Ke5 43. Qb8+ Ke4 44. Qf4+ 1-0

[Event "World Youth Girl U14 2016"]
[Site "Khanty-Mansiysk RUS"]
[Date "2016.09.30"]
[Round "8.2"]
[White "Vantika, Agrawal"]
[Black "Solozhenkina, Elizaveta"]
[Result "1-0"]
[BlackTitle "WFM"]
[WhiteElo "2012"]
[BlackElo "2320"]
[WhiteFideId "25050389"]
[BlackFideId "34106615"]
[EventDate "2016.09.22"]

1. d4 Nf6 2. Nf3 g6 3. g3 Bg7 4. Bg2 O-O 5. O-O d5 6. c4 Nc6 7. Nbd2 Re8 8. e3
a5 9. cxd5 Nxd5 10. Nc4 e6 11. e4 Nde7 12. Be3 b6 13. Qc2 Ba6 14. Rfd1 Qb8 15.
a3 Rd8 16. Rac1 Bb7 17. h4 h6 18. Nce5 Nxe5 19. Nxe5 c5 20. Bf4 Qc8 21. dxc5
bxc5 22. Nc4 Ra6 23. Nd6 Qa8 24. Nxb7 Rxd1+ 25. Qxd1 Qxb7 26. Rxc5 Kh7 27. Rc7
Qxb2 28. Rxe7 e5 29. Bc1 Qa1 30. Rxf7 Rc6 31. Rxg7+ 1-0

[Event "World Youth Girl U14 2016"]
[Site "Khanty-Mansiysk RUS"]
[Date "2016.09.30"]
[Round "8.3"]
[White "Salonika, Saina"]
[Black "Antova, Gabriela"]
[Result "1/2-1/2"]
[WhiteTitle "WCM"]
[BlackTitle "FM"]
[WhiteElo "2093"]
[BlackElo "2253"]
[WhiteFideId "25013971"]
[BlackFideId "2915235"]
[EventDate "2016.09.22"]

1. e4 e5 2. Nf3 Nf6 3. Nxe5 d6 4. Nf3 Nxe4 5. d4 d5 6. Bd3 Nc6 7. O-O Be7 8. c4
Nb4 9. Be2 O-O 10. a3 Nc6 11. Nc3 Nxc3 12. bxc3 Bf5 13. cxd5 Qxd5 14. Bf4 Rac8
15. Re1 Rfe8 16. c4 Qe4 17. Qd2 Bf6 18. Bf1 Qc2 19. Rxe8+ Rxe8 20. Re1 Rxe1 21.
Qxe1 Qe4 22. Qxe4 Bxe4 23. d5 Bxf3 24. gxf3 Ne5 25. Bxe5 Bxe5 26. Bh3 b6 27. Bc8
Kf8 28. h3 Ke7 29. Kf1 Kd6 30. Ke2 Kc5 31. Kd3 Bd4 32. Bd7 Bxf2 33. Be8 f6 34.
Bf7 Bd4 35. Be6 Be5 36. Bf7 Bb2 37. a4 Kb4 38. Be8 Be5 39. Bb5 Kc5 40. Be8 Kd6
41. Ke4 Bb2 42. f4 Ke7 43. Bb5 g6 44. f5 Bc1 45. fxg6 hxg6 46. h4 Bd2 47. Kf3
Kf7 48. Bd7 Kg7 49. Be8 Kh6 50. h5 gxh5 51. Bd7 Kg5 52. Ke4 Bc3 53. Bf5 h4 54.
Be6 Kg6 55. Bf5+ Kf7 56. d6 cxd6 57. Kd5 Bb4 58. Ke4 Ke7 59. Kd5 Bc5 60. Kc6 Be3
61. Kd5 Bc5 62. Kc6 Kf7 63. Kd5 Bb4 64. Kc6 h3 65. Bxh3 Kg6 66. Kd5 f5 67. Ke6
f4 68. Bg2 Kg5 69. Bf3 Kh4 70. Kf5 Kg3 71. Ke4 Bd2 72. Bh5 a6 73. Bd1 Bc1 74.
Bh5 Ba3 75. Bd1 Bc5 76. Bh5 Ba3 77. Bd1 Bb2 78. Bh5 Bg7 79. Bd1 Bf8 80. Bh5 Be7
81. Bd1 d5+ 82. cxd5 b5 83. axb5 axb5 84. Be2 b4 85. Bd1 Bd6 86. Bh5 b3 87. Kd3
Be5 88. d6 f3 89. Bxf3 Kxf3 90. d7 Bf6 91. d8=Q Bxd8 92. Kc3 b2 93. Kxb2 1/2-1/2

[Event "World Youth Girl U14 2016"]
[Site "Khanty-Mansiysk RUS"]
[Date "2016.09.30"]
[Round "8.4"]
[White "Badelka, Olga"]
[Black "Beydullayeva, Govhar"]
[Result "1-0"]
[BlackTitle "WCM"]
[WhiteElo "2222"]
[BlackElo "1994"]
[WhiteFideId "13509926"]
[BlackFideId "13413015"]
[EventDate "2016.09.22"]

1. c4 c6 2. e4 d5 3. exd5 cxd5 4. d4 Nf6 5. Nc3 g6 6. cxd5 Bg7 7. Bc4 O-O 8.
Nge2 Nbd7 9. Bb3 Nb6 10. Nf4 Bf5 11. O-O h6 12. Re1 Rc8 13. h3 g5 14. Nh5 Nxh5
15. Qxh5 Bg6 16. Qg4 Kh8 17. h4 f5 18. Qg3 f4 19. Qh2 Bf6 20. hxg5 Bxg5 21. g3
Qc7 22. Re5 fxg3 23. fxg3 Bxc1 24. Rxc1 Kg7 25. Rce1 Rce8 26. Qe2 Nc8 27. Ne4 b6
28. Qg4 Kh7 29. Qh4 Kg7 30. Re6 Rg8 31. Nf2 h5 32. Nh3 Ref8 33. Rxe7+ Nxe7 34.
Rxe7+ Rf7 35. Rxc7 Rxc7 36. Nf4 1-0

[Event "World Youth Girl U14 2016"]
[Site "Khanty-Mansiysk RUS"]
[Date "2016.09.30"]
[Round "8.5"]
[White "Wang, Annie"]
[Black "Goltseva, Ekaterina"]
[Result "1-0"]
[WhiteTitle "WIM"]
[BlackTitle "WFM"]
[WhiteElo "2013"]
[BlackElo "2212"]
[WhiteFideId "2053900"]
[BlackFideId "24173770"]
[EventDate "2016.09.22"]

1. d4 Nf6 2. c4 e6 3. Nc3 Bb4 4. Qc2 O-O 5. a3 Bxc3+ 6. Qxc3 d5 7. Bg5 dxc4 8.
Qxc4 b6 9. Nf3 Ba6 10. Qc2 Nbd7 11. e4 Bxf1 12. Rxf1 Qc8 13. Bxf6 Nxf6 14. e5
Nd5 15. Ng5 g6 16. Ne4 Kg7 17. O-O-O c5 18. Nd6 Qa6 19. Kb1 cxd4 20. Rfe1 b5 21.
Rxd4 Qa5 22. Ree4 Ne7 23. Qc1 h6 24. Rh4 Rh8 25. Rhf4 Raf8 26. Nb7 Qb6 27. Rd7
Nd5 28. Rf3 Kg8 29. Rdxf7 Rxf7 30. Qc8+ Kg7 31. Rxf7+ Kxf7 32. Qxh8 Nc7 33. Nd6+
Ke7 34. Nc8+ 1-0

[Event "World Youth Girl U14 2016"]
[Site "Khanty-Mansiysk RUS"]
[Date "2016.09.30"]
[Round "8.6"]
[White "Serikbay, Assel"]
[Black "Zotova, Anastasia"]
[Result "1/2-1/2"]
[WhiteTitle "WFM"]
[BlackTitle "WFM"]
[WhiteElo "1996"]
[BlackElo "2171"]
[WhiteFideId "13706799"]
[BlackFideId "34124907"]
[EventDate "2016.09.22"]

1. d4 Nf6 2. Nf3 g6 3. c4 Bg7 4. Nc3 d5 5. e3 O-O 6. cxd5 Nxd5 7. Bc4 Nxc3 8.
bxc3 c5 9. O-O Qc7 10. Bb3 Nc6 11. Ba3 cxd4 12. cxd4 Qa5 13. Bb2 Rd8 14. h3 b6
15. Rc1 Bb7 16. e4 Qh5 17. Bc3 e6 18. Qd3 a5 19. Rfd1 Ba6 20. Qc2 Rac8 21. Qb2
Ne7 22. Re1 Bb7 23. Bd1 Rd6 24. Nh2 Qh4 25. Bg4 Qh6 26. e5 Rdc6 27. Bf3 Nd5 28.
Bd2 Qh4 29. Ng4 h5 30. Nh6+ Bxh6 31. Bxh6 Rxc1 32. Rxc1 Rxc1+ 33. Bxc1 Qd8 34.
Qd2 Qc8 35. Qh6 Ne7 36. Bxb7 Qxb7 37. Ba3 Nf5 38. Qf8+ Kh7 39. Qd8 Qe4 40. Qf6
Kg8 41. Qd8+ Kh7 42. Qe8 Nh6 43. Be7 Qe1+ 44. Kh2 Qxf2 45. Bf6 Qf4+ 46. Kh1 Qf1+
47. Kh2 Qf4+ 48. Kh1 Qf1+ 1/2-1/2

[Event "World Youth Girl U14 2016"]
[Site "Khanty-Mansiysk RUS"]
[Date "2016.09.30"]
[Round "8.7"]
[White "Ulziikhishigjargal, Ochirkhuyag"]
[Black "Urh, Zala"]
[Result "1-0"]
[BlackTitle "WFM"]
[WhiteElo "1888"]
[BlackElo "1939"]
[WhiteFideId "4903188"]
[BlackFideId "14611481"]
[EventDate "2016.09.22"]

1. e4 e5 2. Nf3 Nc6 3. Bc4 Nf6 4. d3 Bc5 5. c3 a6 6. b4 Ba7 7. a4 d6 8. Ba2 O-O
9. O-O Ne7 10. Nh4 d5 11. Bg5 Bg4 12. Qd2 Qd6 13. h3 Bd7 14. c4 dxe4 15. dxe4
Qxd2 16. Nxd2 Bd4 17. Rad1 Bxa4 18. Bb3 Bc6 19. Ndf3 Bc3 20. Nxe5 Bxe5 21. f4
Bc3 22. e5 Ng6 23. exf6 gxf6 24. Nxg6 hxg6 25. Rd3 Bxb4 26. Bxf6 Bc5+ 27. Kh1
Rfe8 28. f5 Be4 29. Rg3 Bxf5 30. Rg5 Kh7 31. Bc2 Be3 32. Rfxf5 gxf5 33. Bxf5+
Kh6 34. Rg4 Bf2 35. g3 Bxg3 36. Rxg3 Rg8 37. Rd3 Rae8 38. Bg4 Kg6 39. Rf3 a5 40.
Bc3 b6 41. Rf6+ Kg5 42. Rf5+ Kg6 43. Rf6+ Kg5 44. Kh2 a4 45. Rc6 f5 46. Bd2+ f4
47. Kg2 a3 48. Bc3 a2 49. Bf6+ Kg6 50. Kf3 Re1 51. Bb2+ Kg5 52. h4+ Kxh4 53.
Bf6+ Rg5 54. Kxf4 Re4+ 55. Kxe4 Kxg4 56. Rxc7 Ra5 57. Ba1 b5 58. Rg7+ Kh5 59. c5
Ra4+ 60. Kf5 Kh4 61. c6 Rc4 62. c7 b4 63. Rg4+ Rxg4 64. c8=Q Rg1 65. Qc4+ Kg3
66. Be5+ Kf3 67. Qb3+ Ke2 68. Qxa2+ Kd3 69. Qd5+ Ke2 1-0

[Event "World Youth Girl U14 2016"]
[Site "Khanty-Mansiysk RUS"]
[Date "2016.09.30"]
[Round "8.8"]
[White "Voskresenskaya, Marta"]
[Black "Priyanka, Nutakki"]
[Result "0-1"]
[WhiteElo "1835"]
[BlackElo "2070"]
[WhiteFideId "34127795"]
[BlackFideId "25049615"]
[EventDate "2016.09.22"]

1. d4 Nf6 2. Nf3 e6 3. c4 b6 4. a3 Bb7 5. Nc3 d5 6. Bg5 Be7 7. e3 O-O 8. Bd3
Nbd7 9. O-O h6 10. Bh4 c5 11. h3 Rc8 12. cxd5 Nxd5 13. Bxe7 Qxe7 14. Nxd5 Bxd5
15. e4 Bb7 16. Qe2 cxd4 17. Nxd4 Nc5 18. b4 Rfd8 19. bxc5 Rxd4 20. cxb6 axb6 21.
Rfd1 Rc3 22. Bc2 Rxd1+ 23. Qxd1 Qc7 24. Ra2 Bxe4 25. Bxe4 Rc1 26. Ra1 Rxd1+ 27.
Rxd1 f5 28. Bf3 Qc5 29. a4 Qc4 0-1

[Event "World Youth Girl U14 2016"]
[Site "Khanty-Mansiysk RUS"]
[Date "2016.09.30"]
[Round "8.9"]
[White "Ouellet, Maili-Jade"]
[Black "Grigorieva, Yulia"]
[Result "1/2-1/2"]
[WhiteTitle "WCM"]
[WhiteElo "1992"]
[BlackElo "1923"]
[WhiteFideId "2620472"]
[BlackFideId "34104868"]
[EventDate "2016.09.22"]

1. d4 d5 2. c4 e6 3. Nc3 Nf6 4. cxd5 exd5 5. Bg5 Be7 6. e3 O-O 7. Bd3 c6 8. Qc2
Nbd7 9. Nf3 Re8 10. O-O h6 11. Bf4 Nf8 12. h3 Bd6 13. Bxd6 Qxd6 14. Ne5 N6d7 15.
f4 f6 16. Nxd7 Bxd7 17. Rae1 Re7 18. a3 Rae8 19. Qf2 f5 20. b4 a5 21. Na4 axb4
22. Nc5 Bc8 23. axb4 b6 24. Na4 Qxb4 25. Bc2 Qa5 26. Nb2 c5 27. dxc5 bxc5 28.
Qf3 c4 29. Nd1 d4 30. Nb2 Qc3 31. Qd5+ Be6 32. Qxd4 Qxc2 33. Rc1 Qe4 34. Qxe4
fxe4 35. Nxc4 Rc8 36. Nd6 Rxc1 37. Rxc1 Bd5 38. Rc5 Ba2 39. Ra5 Bb1 40. Nf5 Rd7
41. Nd4 Bd3 42. Kf2 Rb7 43. Ra2 Nd7 44. g4 Nc5 45. g5 hxg5 46. fxg5 Na6 47. h4
g6 48. Kg3 Rf7 49. Rb2 Nc7 50. Rb6 Kg7 51. Rd6 Bc4 52. Rc6 Bd5 53. Rd6 Ba2 54.
h5 gxh5 55. g6 Rf6 56. Rd7+ Kxg6 57. Rxc7 Bb1 58. Rc5 Rf1 59. Kg2 Bd3 60. Ne6
Rf5 1/2-1/2

[Event "World Youth Girl U14 2016"]
[Site "Khanty-Mansiysk RUS"]
[Date "2016.09.30"]
[Round "8.10"]
[White "Zahedifar, Anahita"]
[Black "Filippova, Darya"]
[Result "0-1"]
[WhiteTitle "WFM"]
[BlackTitle "WFM"]
[WhiteElo "2081"]
[BlackElo "1888"]
[WhiteFideId "12560715"]
[BlackFideId "24173738"]
[EventDate "2016.09.22"]

1. d4 d5 2. c4 e6 3. Nc3 Nf6 4. cxd5 Nxd5 5. e4 Nxc3 6. bxc3 c5 7. Nf3 cxd4 8.
cxd4 Bb4+ 9. Bd2 Bxd2+ 10. Qxd2 O-O 11. Bc4 b6 12. O-O Bb7 13. Qe3 Nd7 14. Rfd1
Rc8 15. Rac1 Nf6 16. Ng5 Qe7 17. Qh3 Bxe4 18. Nxe6 Rxc4 19. Nxf8 Rxc1 20. Rxc1
Kxf8 21. Qc8+ Ne8 22. f3 Bb7 23. Qc3 Qd6 24. Re1 Nc7 25. Kh1 Ne6 26. Rd1 h5 27.
Qd3 Kg8 28. Qf5 Qd5 29. Qe5 h4 30. h3 a6 31. Qe2 Nf4 32. Qf2 g5 33. Re1 Ne6 34.
Re5 Qc4 35. Qd2 f6 36. Re1 Nf4 37. Re8+ Kf7 38. Qe1 Ne6 39. Rb8 Qc7 40. Rh8 Nf8
41. Qb4 Qd8 42. d5 Kg7 43. Rh5 Qe8 44. Qxb6 Bc8 45. Rh8 Kxh8 46. Qxf6+ Kh7 47.
Qxg5 Qe1+ 48. Kh2 Qg3+ 49. Qxg3 hxg3+ 50. Kxg3 Ng6 51. d6 Ne5 52. Kf4 Nc4 53.
Ke4 Nxd6+ 54. Kd5 Nb5 55. Kc5 Nc3 56. a3 Ne2 57. h4 Nf4 58. g4 Ng6 59. Kd6 Nxh4
60. Kc7 Be6 61. Kb6 Bc4 62. f4 Ng2 0-1

[Event "World Youth Girl U14 2016"]
[Site "Khanty-Mansiysk RUS"]
[Date "2016.09.30"]
[Round "8.11"]
[White "Mishra, Anwesha"]
[Black "Dongo, Melanie"]
[Result "1-0"]
[WhiteTitle "WFM"]
[WhiteElo "1819"]
[BlackElo "1981"]
[WhiteFideId "35002767"]
[BlackFideId "3813444"]
[EventDate "2016.09.22"]

1. d4 Nf6 2. c4 g6 3. Nc3 Bg7 4. e4 d6 5. Be2 O-O 6. Bg5 c6 7. Qd2 Qc7 8. Nf3
Nbd7 9. O-O e5 10. Rfe1 Re8 11. Bf1 a6 12. Rac1 Nf8 13. d5 c5 14. Rb1 Bg4 15.
Qe3 h5 16. h3 Bxf3 17. Qxf3 N8h7 18. Bd2 b6 19. Kh1 Rf8 20. Be2 Kh8 21. g4 Qe7
22. Rg1 h4 23. g5 Ne8 24. Qg4 f5 25. gxf6 Qxf6 26. Rbf1 g5 27. Bxg5 Qxg5 28.
Qxg5 Nxg5 29. Rxg5 Rf4 30. Rg4 Nf6 31. Rxf4 exf4 32. Kg2 Rg8 33. Rg1 Bh6+ 34.
Kf1 Bg5 35. Bg4 Kh7 36. Be6 Rg7 37. Bf5+ Kh6 38. Ke2 Re7 39. Kf3 Ne8 40. Bc8 Nc7
41. Ne2 b5 42. cxb5 axb5 43. Nxf4 b4 44. Bf5 Nb5 45. Ne6 Nd4+ 46. Nxd4 cxd4 47.
Ke2 Ra7 48. Rg4 Bc1 49. Rg6+ Kh5 50. Rxd6 Rxa2 51. Kd3 Bxb2 52. f4 Ra3+ 53. Kc2
Rg3 54. Kxb2 d3 55. Bg6+ Rxg6 56. Rxg6 Kxg6 57. d6 d2 58. Kc2 1-0

[Event "World Youth Girl U14 2016"]
[Site "Khanty-Mansiysk RUS"]
[Date "2016.09.30"]
[Round "8.12"]
[White "Koroleva, Evgeniya"]
[Black "Aciu, Malina-Andreea"]
[Result "1/2-1/2"]
[WhiteElo "1970"]
[BlackElo "1876"]
[WhiteFideId "34124010"]
[BlackFideId "1240323"]
[EventDate "2016.09.22"]

1. d4 Nf6 2. c4 g6 3. Nc3 Bg7 4. e4 d6 5. Be2 O-O 6. Bg5 a6 7. Qd2 c5 8. d5 Qa5
9. f3 e6 10. Rd1 Re8 11. f4 Nbd7 12. Nf3 exd5 13. exd5 b5 14. Ne4 Qb6 15. Nf2
Bb7 16. O-O bxc4 17. Bxc4 Qa7 18. b3 Ne4 19. Nxe4 Rxe4 20. Rfe1 Rae8 21. Rxe4
Rxe4 22. Re1 f5 23. Rxe4 fxe4 24. Qe2 1/2-1/2

[Event "World Youth Girl U14 2016"]
[Site "Khanty-Mansiysk RUS"]
[Date "2016.09.30"]
[Round "8.13"]
[White "Swiech, Joanna"]
[Black "Grischenko, Kamila"]
[Result "0-1"]
[WhiteElo "1962"]
[BlackElo "1839"]
[WhiteFideId "1183486"]
[BlackFideId "14147491"]
[EventDate "2016.09.22"]

1. c4 d6 2. g3 g6 3. Bg2 Bg7 4. Nc3 Nf6 5. e3 O-O 6. Nge2 Nbd7 7. d4 e5 8. O-O
c6 9. b3 Re8 10. Bb2 e4 11. Qc2 Qe7 12. Rfd1 a6 13. a4 Nf8 14. h3 g5 15. b4 d5
16. c5 Ng6 17. b5 Nd7 18. g4 f5 19. gxf5 Nh4 20. Ng3 Nf6 21. Qb3 Bxf5 22. Nxf5
Nxf5 23. Ne2 Nh4 24. Ng3 h5 25. bxc6 bxc6 26. Qc2 Rf8 27. Rd2 Qe6 28. Qd1 g4 29.
hxg4 Nxg4 30. Ra3 Qg6 31. Qf1 Nxf2 32. Rxf2 Qxg3 33. Qe2 Rf3 0-1

[Event "World Youth Girl U14 2016"]
[Site "Khanty-Mansiysk RUS"]
[Date "2016.09.30"]
[Round "8.14"]
[White "Vinokur, Yuliya"]
[Black "Nomindalai, Tumurbaatar"]
[Result "1-0"]
[BlackTitle "CM"]
[WhiteElo "1956"]
[BlackElo "1757"]
[WhiteFideId "34127515"]
[BlackFideId "4904095"]
[EventDate "2016.09.22"]

1. c4 Nf6 2. Nc3 Nc6 3. g3 d5 4. cxd5 Nxd5 5. Bg2 e6 6. Nf3 Be7 7. O-O O-O 8. d4
Bf6 9. e4 Nxc3 10. bxc3 Na5 11. Ba3 Be7 12. Bxe7 Qxe7 13. Qe2 b6 14. Rfd1 Bb7
15. c4 Ba6 16. Rac1 Rfd8 17. Bf1 Qa3 18. Qe3 Qxe3 19. fxe3 Bb7 20. Bd3 Kf8 21.
Kf2 Ke7 22. h4 h6 23. Ke2 c5 24. d5 f5 25. h5 fxe4 26. Bxe4 exd5 27. Bxd5 Rd6
28. Nh4 Rf6 29. e4 Nc6 30. e5 Nxe5 31. Bxb7 Re8 32. Rf1 1-0

[Event "World Youth Girl U14 2016"]
[Site "Khanty-Mansiysk RUS"]
[Date "2016.09.30"]
[Round "8.15"]
[White "Bechvaia, Maia"]
[Black "Palma, Maria"]
[Result "0-1"]
[WhiteElo "1848"]
[BlackElo "1925"]
[WhiteFideId "13613294"]
[BlackFideId "898481"]
[EventDate "2016.09.22"]

1. e4 e6 2. d4 d5 3. Nd2 Nf6 4. e5 Nfd7 5. Bd3 b6 6. Ne2 c5 7. c3 Ba6 8. Bc2 Nc6
9. Nf3 Be7 10. O-O cxd4 11. cxd4 Nb4 12. Bb1 Rc8 13. a3 Nc6 14. Re1 Na5 15. b3
Bxe2 16. Rxe2 Nxb3 17. Qxb3 Rxc1+ 18. Re1 Qc7 19. Bd3 Rc3 20. Qb5 O-O 21. a4 Nb8
22. Qb1 h6 23. g4 Nc6 24. Rc1 Nb4 25. Bh7+ Kh8 26. Qb2 Rc8 27. Rxc3 Qxc3 28.
Qxc3 Rxc3 29. Bb1 Rxf3 30. a5 b5 0-1